50 Biggest Cities in Connecticut - Statistics

General Stats
  • This quiz has been taken 16 times
  • The average score is 20 of 50
Answer Stats
# Pop. City % Correct
4 122,544 Hartford
100%
1 152,570 Bridgeport
91%
3 139,624 New Haven
91%
2 140,049 Stamford
91%
5 116,412 Waterbury
91%
38 28,404 New London
82%
7 89,341 Danbury
73%
10 65,196 Greenwich
73%
48 22,866 Darien
64%
18 51,323 East Hartford
64%
41 28,172 East Haven
64%
6 94,352 Norwalk
64%
11 64,462 West Hartford
64%
16 55,335 West Haven
64%
9 66,385 Fairfield
55%
8 76,603 New Britain
55%
24 39,986 Norwich
55%
25 39,668 Groton
45%
46 25,271 North Haven
45%
22 43,315 Shelton
45%
21 44,459 Southington
45%
23 41,282 Enfield
36%
14 60,905 Meriden
36%
34 28,999 New Milford
36%
44 25,470 Ridgefield
36%
17 54,272 Stratford
36%
39 28,309 Westport
36%
12 62,557 Bristol
27%
30 31,995 Cheshire
27%
13 61,609 Hamden
27%
19 49,026 Middletown
27%
27 35,750 Torrington
27%
26 38,544 Trumbull
27%
49 22,642 Watertown
27%
33 29,765 Windsor
27%
28 35,727 Glastonbury
18%
29 32,271 Naugatuck
18%
31 31,827 Newington
18%
45 25,459 Simsbury
18%
42 27,481 Wethersfield
18%
37 28,669 Branford
9%
35 28,983 Farmington
9%
50 22,375 Guilford
9%
15 60,201 Manchester
9%
36 28,953 Mansfield
9%
20 44,520 Wallingford
9%
40 28,209 Newtown
0%
43 27,207 South Windsor
0%
32 31,034 Vernon
0%
47 24,137 Windham
0%
No matching quizzes found
Score Distribution
Percent of People with Each Score
Percentile by Number Answered
Your Score History
You have not taken this quiz